000 00681nam a2200205Ia 4500
003 GCL
005 20240530095252.0
008 140319s9999 xx 000 0 ara d
020 _a1436033977
040 _aGCL /
_cGCL
082 0 4 _a658
_bا ا
100 1 _aاحمد محمد غنيم
245 1 0 _aالادارة الاليكترونية :
_bافاق الحاضر وتطلعات المستقبل /
_cاحمد محمد غنيم
260 _aالقاهرة :
_bالمكتبة العصرية ؛
_c2004
300 _a368 ص ؛
_c24 سم
650 0 4 _aالادارة
650 0 4 _aالادارة - تطوير
650 0 4 _aالتسويق الالكترونى
942 _2ddc
_cBK
999 _c5635
_d5635